Normal view
MARC view
- Patil Pooja - 2k131044; Prof.Ranjana Gogate - Guide & [Company Name] - Sharekhan
Entry Personal Name
001 - CONTROL NUMBER
- control field: 103226
003 - CONTROL NUMBER IDENTIFIER
- control field: OSt
005 - DATE AND TIME OF LATEST TRANSACTION
- control field: 20221007220506.0
008 - FIXED-LENGTH DATA ELEMENTS
- fixed length control field: 221007|| aca||aabn | a|a d
040 ## - CATALOGING SOURCE
- Original cataloging agency: OSt
- Transcribing agency: OSt
100 ## - HEADING--PERSONAL NAME
- Personal name: Patil Pooja - 2k131044; Prof.Ranjana Gogate - Guide & [Company Name] - Sharekhan
670 ## - SOURCE DATA FOUND
- Source citation: Work cat.: (OSt)73558: Patil Pooja - 2k131044; Prof.Ranjana Gogate - Guide & [Company Name] - Sharekhan, Technical Analysis A Study of Selected Stocks, Sep-14